Estudio de factibilidad para la conversión de calderas de combustible diesel o bunker a carbon mineral costarricense.
Сохранить в:
| Главный автор: | |
|---|---|
| Формат: | |
| Опубликовано: |
San José, Costa Rica
1988
|
| Предметы: | |
| Метки: |
Добавить метку
Нет меток, Требуется 1-ая метка записи!
|
MARC
| LEADER | 00000nam a2200000Ia 4500 | ||
|---|---|---|---|
| 003 | 004718 | ||
| 005 | 20221231144342.0 | ||
| 008 | 140114s1988 cr a m 000 ||s d | ||
| 040 | |c cru CEDI | ||
| 090 | |a TFG 2164 | ||
| 100 | |a Ramírez Hernández, Emel |9 13517 | ||
| 245 | |a Estudio de factibilidad para la conversión de calderas de combustible diesel o bunker a carbon mineral costarricense. | ||
| 260 | |c 1988 |a San José, Costa Rica | ||
| 300 | |a 217 hojas : ilustraciones (algunas plegables) ; 28 cm | ||
| 500 | |a Proyecto de graduación (licenciatura en ingeniería química)--Universidad de Costa Rica. Facultad de Ingeniería. Escuela de Ingeniería Química | ||
| 650 | |x COMBUSTIBLES |x CALDERAS DE VAPOR |9 13518 | ||
| 942 | |c TFG |2 ddc | ||
| 999 | |c 20600 |d 20600 | ||
